Trendy, rozpory a výzvy soudobého marketingu
Marketing, tak isto ako každá manažérska prechádza v priebehu plynúceho času zmenami. Významné trendy ako sú využívanie nástrojov AI, videomarketing, využívanie mikroinfluencerov a udržateľný marketing. Rozpory a možné problémy.
Na minha lista:
| Autor principal: | |
|---|---|
| Formato: | Capítulo de Livro |
| Idioma: | tcheco |
| Assuntos: | |
| Tags: |
Sem tags, seja o primeiro a adicionar uma tag!
|
MARC
| LEADER | 00000naa a2200000 4500 | ||
|---|---|---|---|
| 001 | 0308003 | ||
| 005 | 20250407105134.1 | ||
| 041 | 0 | |a cze | |
| 044 | |a CZ | ||
| 245 | 1 | 0 | |a Trendy, rozpory a výzvy soudobého marketingu |c Oldřich Vávra |
| 520 | |a Marketing, tak isto ako každá manažérska prechádza v priebehu plynúceho času zmenami. Významné trendy ako sú využívanie nástrojov AI, videomarketing, využívanie mikroinfluencerov a udržateľný marketing. Rozpory a možné problémy. | ||
| 610 | 2 | 0 | |a marketing |
| 610 | 2 | 0 | |a inteligencia umelá |
| 610 | 2 | 0 | |a marketing udržateľný |
| 610 | 2 | 0 | |a komunikácia marketingová |
| 100 | 1 | |a Vávra, Oldřich | |